书目信息 |
| 题名: |
教育研究与实践
|
|
| 作者: | 张丽钧 主编 | |
| 分册: | ||
| 出版信息: | 北京 国际文化出版公司 2001 |
|
| 页数: | 314页 | |
| 开本: | 20cm | |
| 丛书名: | ||
| 单 册: | ||
| 中图分类: | F245 | |
| 科图分类: | ||
| 主题词: | 理论研究--文集--中国 | |
| 电子资源: | ||
| ISBN: | ||
| 000 | 00537nam0 2200181 450 | |
| 001 | 0759795161 | |
| 005 | 20070730141752.59 | |
| 010 | @dCNY25.00@z7-80105-447-6 | |
| 100 | @a20070711d2001 km y0chiy0120 ea | |
| 101 | 0 | @achi |
| 200 | 1 | @a教育研究与实践@Ajiao yu yan jiu yu shi jian@f张丽钧等主编@Fzhang li jun deng zhu bian |
| 210 | @a北京@c国际文化出版公司@d2001 | |
| 215 | @a314页@d20cm | |
| 606 | 0 | @a理论研究@x文集@y中国 |
| 690 | @aF245@v3 | |
| 701 | 0 | @a张丽钧@Azhang li jun@4主编 |
| 801 | 0 | @aCN@bPFT@c20070730 |
| 905 | @a10447@dF245@e59 | |
| 教育研究与实践/张丽钧等主编.-北京:国际文化出版公司,2001 |
| 314页;20cm |
| ISBN :CNY25.00 |
| ● |
| 相关链接 |
|
|
|
|
正题名:教育研究与实践
索取号:F245/59
 
预约/预借
| 序号 | 登录号 | 条形码 | 馆藏地/架位号 | 状态 | 备注 |
| 1 | 0767270 | 207672703 | 密集书库/ [索取号:F245/59] | 在馆 | |
| 2 | 0767664 | 207676647 | 密集书库/ [索取号:F245/59] | 在馆 | |
| 3 | 0767849 | 207678495 | 密集书库/ [索取号:F245/59] | 在馆 | |
| 4 | 0769350 | 207693502 | 密集书库/ [索取号:F245/59] | 在馆 | |
| 5 | 0769707 | 207697072 | 第一样本阅览室/ [索取号:F245/59] | 在馆 |